Statistiques concernant PeRsO dU rP

Cliquez ici pour prendre le quiz!

Statistiques générales

  • Ce quiz a été pris 2 fois
  • Le résultat moyen est 9 sur 15

Statistiques - réponses

Réponse% Correct
Antoine
100%
BOB
100%
Gomez
100%
Hella
100%
Kogu
100%
Konado
100%
Sora
100%
IA
50%
Kawasaki Kojuro
50%
Urani-homme
50%
Urika
50%
Akira
0%
Hirose
0%
Yuko
0%
Yumioka
0%

Distribution des résultats

Percentile par nombre de réponses

% des personnes avec chaque résultat

Votre développement - résultats

Vous n’avez pas pris ce quiz